Nursing: Indian Journal of Medical Surgical Nursing (Record no. 1892)
[ view plain ]
| 000 -LEADER | |
|---|---|
| Fixed length control field | 00529nas a22001697a 4500 |
| 003 - CONTROL NUMBER IDENTIFIER | |
| Control field | IIN |
| 005 - DATE AND TIME OF LATEST TRANSACTION | |
| Control field | 20260507121341.0 |
| 008 - FIXED-LENGTH DATA ELEMENTS--GENERAL INFORMATION | |
| Fixed length control field | 260507c2024 |||qr|j| |||| 00| 0 eng d |
| 040 ## - CATALOGING SOURCE | |
| Original cataloging agency | IIN |
| 245 ## - TITLE STATEMENT | |
| Title | Nursing: Indian Journal of Medical Surgical Nursing |
| Statement of responsibility | ASC Journals Nursing |
| 260 ## - IMPRINT | |
| Place of publication | Aurangabad: |
| Name of publisher | Innovational Publishers, |
| Date of publication | 2019- |
| 300 ## - PHYSICAL DESCRIPTION | |
| Page / Vol. No | - Vol. 1, No. 1 (Jan.-Mar. 2019)- |
| Other physical details | ill. |
| 310 ## - CURRENT PUBLICATION FREQUENCY | |
| Current publication frequency | Quarterly |
| 650 ## - SUBJECT ADDED ENTRY--TOPICAL TERM | |
| Topical term | Medical-Surgical |
| General subdivision | Nursing |
| 856 ## - ELECTRONIC LOCATION AND ACCESS | |
| Uniform Resource Identifier | https://ascjournals.com/journal-details/11# |
| 942 ## - ADDED ENTRY ELEMENTS (KOHA) | |
| Koha item type | Serials |
No items available.
